Teoría y problemas de programación BASIC

Guardat en:
Dades bibliogràfiques
Autor principal: Gottfried, Byron S (Autor)
Format: Llibre
Idioma:espanyol
Publicat: Bogotá McGraw-Hill 1981
Col·lecció:Compendios Schaum
Matèries:
Etiquetes: Afegir etiqueta
Sense etiquetes, Sigues el primer a etiquetar aquest registre!

MARC

LEADER 00000nam a2200000 a 4500
001 UCR9463
003 CL-VaPUC
008 980613e19810000CK |||||||||||||||||spa|d
082 0 4 |a 005.133  |b GOT  |2 21 
100 |a Gottfried, Byron S  |e author  |9 425147 
245 1 0 |a Teoría y problemas de programación BASIC 
300 |a 237 p 
942 |c BK 
945 |d 19980613 00:00:00  |a crobeson 
260 |a Bogotá  |b McGraw-Hill  |c 1981 
650 7 |a BASIC  |2 CL-VaPUC  |9 259771 
650 0 |a Lenguajes de programación   |9 259458 
650 0 |a Programación de computadores   |9 259531 
583 |a last modification  |c 20130913 13:21:29  |k Rodrigo Vera 
490 0 |a Compendios Schaum 
999 |c 270657  |d 270655 
952 |0 0  |1 0  |4 0  |6 005_133000000000000_GOT_1981  |7 0  |8 A  |9 305024  |a BIBGIM  |b BIBGIM  |d 2019-11-20  |i 141366K  |o 005.133 GOT 1981  |p 141366K  |r 2025-01-15  |w 2019-11-20  |y BK  |k COM